000 00570nam a2200193Ia 4500
003 GCL
008 140319s9999 xx 000 0 ara d
040 _aGCL /
_cGCL
082 0 4 _a813.03
_bم و
100 1 _aمحمد عبدالحليم عبدالله
245 1 0 _aالوجة الاخر /
_cمحمد عبدالحليم عبدالله
260 _a[S.N] :
_bمكتبة مصر
300 _a203 ص
490 _a
650 0 4 _aالادب العربى
650 0 4 _aالمقالات العربية
650 0 4 _aالمقالات الادبية
942 _2ddc
_cBK
999 _c34328
_d34328